<?xml version="1.0" encoding="UTF-8"?><?xml-stylesheet type="text/xsl" href="static/style.xsl"?><OAI-PMH xmlns="http://www.openarchives.org/OAI/2.0/" xmlns:xsi="http://www.w3.org/2001/XMLSchema-instance" xsi:schemaLocation="http://www.openarchives.org/OAI/2.0/ http://www.openarchives.org/OAI/2.0/OAI-PMH.xsd"><responseDate>2026-04-13T13:13:35Z</responseDate><request verb="GetRecord" identifier="oai:www.recercat.cat:2117/78485" metadataPrefix="marc">https://recercat.cat/oai/request</request><GetRecord><record><header><identifier>oai:recercat.cat:2117/78485</identifier><datestamp>2025-07-22T19:13:40Z</datestamp><setSpec>com_2072_1033</setSpec><setSpec>col_2072_452951</setSpec></header><metadata><record xmlns="http://www.loc.gov/MARC21/slim" xmlns:dcterms="http://purl.org/dc/terms/" xmlns:xsi="http://www.w3.org/2001/XMLSchema-instance" xmlns:doc="http://www.lyncode.com/xoai" xsi:schemaLocation="http://www.loc.gov/MARC21/slim http://www.loc.gov/standards/marcxml/schema/MARC21slim.xsd">
   <leader>00925njm 22002777a 4500</leader>
   <datafield ind2=" " ind1=" " tag="042">
      <subfield code="a">dc</subfield>
   </datafield>
   <datafield ind2=" " ind1=" " tag="720">
      <subfield code="a">Rodríguez Segura, Ana Victoria</subfield>
      <subfield code="e">author</subfield>
   </datafield>
   <datafield ind2=" " ind1=" " tag="260">
      <subfield code="c">2015-10</subfield>
   </datafield>
   <datafield ind2=" " ind1=" " tag="520">
      <subfield code="a">Este trabajo tiene como objetivo utilizar medidas de riesgo basadas en funciones de distorsión para cuantificar el riesgo de pérdida, aplicable tanto en el sector financiero como de seguro. Las funciones de distorsión permiten calcular el riesgo de una posición o prima, iniciando con la función de distribución del riesgo de pérdida, después aplicando una distorsión a su función desacumulativa, y por último, obteniendo su esperanza a partir de la probabilidad distorsionada. Al no asumir ninguna distribución de la pérdida, la función desacumulativa se estima por distintos métodos no paramétricos. En este contexto el trabajo se enmarca en describir las diferentes funciones de distorsión y analizar sus propiedades principales, plantear los diferentes métodos de estimación de la función desacumulativa, y finalmente, aplicar las medidas de riesgo basada en funciones de distorsión a un conjunto de datos de una compañía de seguros española.</subfield>
   </datafield>
   <datafield tag="653" ind2=" " ind1=" ">
      <subfield code="a">Àrees temàtiques de la UPC::Matemàtiques i estadística</subfield>
   </datafield>
   <datafield tag="653" ind2=" " ind1=" ">
      <subfield code="a">Social and behavioral sciences series</subfield>
   </datafield>
   <datafield tag="653" ind2=" " ind1=" ">
      <subfield code="a">Medida de riesgo</subfield>
   </datafield>
   <datafield tag="653" ind2=" " ind1=" ">
      <subfield code="a">Funciones de distorsión</subfield>
   </datafield>
   <datafield tag="653" ind2=" " ind1=" ">
      <subfield code="a">Estimador núcleo clasico</subfield>
   </datafield>
   <datafield tag="653" ind2=" " ind1=" ">
      <subfield code="a">Matemàtica--Aspectes socials</subfield>
   </datafield>
   <datafield tag="653" ind2=" " ind1=" ">
      <subfield code="a">Classificació AMS::91 Game theory, economics, social and behavioral sciences::91F Other social and behavioral sciences (mathematical treatment)</subfield>
   </datafield>
   <datafield ind2="0" ind1="0" tag="245">
      <subfield code="a">Funciones de distorsión en la cuantificación del riesgo de pérdida</subfield>
   </datafield>
</record></metadata></record></GetRecord></OAI-PMH>